|
|
|
|
| LEADER |
00724nta a2200169 i 4500 |
| 001 |
dipl64566 |
| 005 |
20170314091201.0 |
| 008 |
170314s2016 hu om 0|| zxx d |
| 040 |
|
|
|a SZTE Diploma Repozitórium
|b hun
|
| 041 |
|
|
|a zxx
|
| 100 |
1 |
|
|a Kerekes Zsuzsanna
|
| 245 |
1 |
3 |
|a Az észlelt társas támogatás és a szubjektív egészségi állapot összefüggése
|h [elektronikus dokumentum] /
|c Zsuzsanna Kerekes
|
| 246 |
1 |
0 |
|a The relationship between perceived social support and self-rated health
|h [elektronikus dokumentum]
|
| 260 |
|
|
|c 2016
|
| 650 |
|
4 |
|a Bölcsészettudományok
|
| 700 |
1 |
|
|a Csabai Márta
|e ths
|
| 856 |
4 |
0 |
|u http://diploma.bibl.u-szeged.hu/id/eprint/64566/1/2016_Kerekes_Zsuzsanna_KEZTABB_SZE_SZ.pdf
|z Dokumentum-elérés
|